<?xml version="1.0" encoding="UTF-8"?>
<record
    xmlns:xsi="http://www.w3.org/2001/XMLSchema-instance"
    xsi:schemaLocation="http://www.loc.gov/MARC21/slim http://www.loc.gov/standards/marcxml/schema/MARC21slim.xsd"
    xmlns="http://www.loc.gov/MARC21/slim">

  <leader>01591nam1a22002891i 4500</leader>
  <controlfield tag="001">rc\3706602</controlfield>
  <controlfield tag="005">20260406172208.0</controlfield>
  <datafield tag="035" ind1=" " ind2=" ">
    <subfield code="a">(NLR Aleph) 007765862</subfield>
  </datafield>
  <datafield tag="090" ind1=" " ind2=" ">
    <subfield code="a">7416370</subfield>
    <subfield code="c">7416370</subfield>
  </datafield>
  <datafield tag="100" ind1=" " ind2=" ">
    <subfield code="a">20130115d1970    |||y0rusy50      ca</subfield>
  </datafield>
  <datafield tag="101" ind1="0" ind2=" ">
    <subfield code="a">rus</subfield>
  </datafield>
  <datafield tag="102" ind1=" " ind2=" ">
    <subfield code="a">RU</subfield>
  </datafield>
  <datafield tag="105" ind1=" " ind2=" ">
    <subfield code="a">y   z   |||||</subfield>
  </datafield>
  <datafield tag="200" ind1="1" ind2=" ">
    <subfield code="a">&#x421;&#x431;&#x43E;&#x440;&#x43D;&#x438;&#x43A; &#x437;&#x430;&#x434;&#x430;&#x447; &#x43F;&#x43E; &#x43A;&#x443;&#x440;&#x441;&#x443; "&#x424;&#x438;&#x43D;&#x430;&#x43D;&#x441;&#x44B; &#x43F;&#x440;&#x435;&#x434;&#x43F;&#x440;&#x438;&#x44F;&#x442;&#x438;&#x439; &#x438; &#x43E;&#x442;&#x440;&#x430;&#x441;&#x43B;&#x435;&#x439; &#x43D;&#x430;&#x440;&#x43E;&#x434;&#x43D;&#x43E;&#x433;&#x43E; &#x445;&#x43E;&#x437;&#x44F;&#x439;&#x441;&#x442;&#x432;&#x430;"</subfield>
    <subfield code="f">[&#x41E;&#x431;&#x449;. &#x440;&#x435;&#x434;. &#x42F;&#x441;&#x442;&#x440;&#x435;&#x431;&#x43E;&#x432;&#x430; &#x41D;.&#x410;.] &#x420;&#x430;&#x437;&#x434;. 1-</subfield>
    <subfield code="g">[&#x41C;-&#x432;&#x43E; &#x432;&#x44B;&#x441;&#x448;. &#x438; &#x441;&#x440;&#x435;&#x434;. &#x441;&#x43F;&#x435;&#x446;. &#x43E;&#x431;&#x440;&#x430;&#x437;. &#x420;&#x421;&#x424;&#x421;&#x420;]. &#x41B;&#x435;&#x43D;&#x438;&#x43D;&#x433;&#x440;. &#x444;&#x438;&#x43D;.-&#x44D;&#x43A;&#x43E;&#x43D;. &#x438;&#x43D;-&#x442; &#x438;&#x43C;. &#x41D;.&#x410;. &#x412;&#x43E;&#x437;&#x43D;&#x435;&#x441;&#x435;&#x43D;&#x441;&#x43A;&#x43E;&#x433;&#x43E;. &#x41A;&#x430;&#x444;&#x435;&#x434;&#x440;&#x430; &#x444;&#x438;&#x43D;&#x430;&#x43D;&#x441;&#x43E;&#x432;</subfield>
  </datafield>
  <datafield tag="210" ind1=" " ind2=" ">
    <subfield code="a">&#x41B;&#x435;&#x43D;&#x438;&#x43D;&#x433;&#x440;&#x430;&#x434;</subfield>
    <subfield code="c">&#x411;. &#x438;.</subfield>
    <subfield code="d">1970</subfield>
  </datafield>
  <datafield tag="215" ind1=" " ind2=" ">
    <subfield code="d">21</subfield>
  </datafield>
  <datafield tag="300" ind1=" " ind2=" ">
    <subfield code="a">&#x41D;&#x430; &#x43E;&#x431;&#x43E;&#x440;&#x43E;&#x442;&#x435; &#x442;&#x438;&#x442;. &#x43B;. &#x430;&#x432;&#x442;.: &#x43A;&#x430;&#x43D;&#x434;. &#x44D;&#x43A;&#x43E;&#x43D;. &#x43D;&#x430;&#x443;&#x43A; &#x413;&#x443;&#x440;&#x43E;&#x432; &#x410;.&#x41D;., &#x434;-&#x440; &#x44D;&#x43A;&#x43E;&#x43D;. &#x43D;&#x430;&#x443;&#x43A; &#x416;&#x435;&#x432;&#x442;&#x44F;&#x43A; &#x41F;.&#x41D;., &#x43A;&#x430;&#x43D;&#x434;. &#x44D;&#x43A;&#x43E;&#x43D;. &#x43D;&#x430;&#x443;&#x43A; &#x41A;&#x430;&#x440;&#x430;&#x441;&#x438;&#x43A; &#x41C;.&#x410;. [&#x438; &#x434;&#x440;.]</subfield>
  </datafield>
  <datafield tag="532" ind1="1" ind2="3">
    <subfield code="a">&#x421;&#x431;&#x43E;&#x440;&#x43D;&#x438;&#x43A; &#x437;&#x430;&#x434;&#x430;&#x447; &#x43F;&#x43E; &#x43A;&#x443;&#x440;&#x441;&#x443; &#x424;&#x438;&#x43D;&#x430;&#x43D;&#x441;&#x44B; &#x43F;&#x440;&#x435;&#x434;&#x43F;&#x440;&#x438;&#x44F;&#x442;&#x438;&#x439; &#x438; &#x43E;&#x442;&#x440;&#x430;&#x441;&#x43B;&#x435;&#x439; &#x43D;&#x430;&#x440;&#x43E;&#x434;&#x43D;&#x43E;&#x433;&#x43E; &#x445;&#x43E;&#x437;&#x44F;&#x439;&#x441;&#x442;&#x432;&#x430;</subfield>
  </datafield>
  <datafield tag="701" ind1=" " ind2="1">
    <subfield code="a">&#x416;&#x435;&#x432;&#x442;&#x44F;&#x43A;</subfield>
    <subfield code="b">&#x41F;.&#x41D;.</subfield>
  </datafield>
  <datafield tag="701" ind1=" " ind2="1">
    <subfield code="a">&#x41A;&#x430;&#x440;&#x430;&#x441;&#x438;&#x43A;</subfield>
    <subfield code="b">&#x41C;.&#x410;.</subfield>
  </datafield>
  <datafield tag="701" ind1=" " ind2="1">
    <subfield code="a">&#x413;&#x443;&#x440;&#x43E;&#x432;</subfield>
    <subfield code="b">&#x410;.&#x41D;.</subfield>
  </datafield>
  <datafield tag="702" ind1=" " ind2="1">
    <subfield code="a">&#x42F;&#x441;&#x442;&#x440;&#x435;&#x431;&#x43E;&#x432;</subfield>
    <subfield code="b">&#x41D;.&#x410;.</subfield>
    <subfield code="4">340</subfield>
  </datafield>
  <datafield tag="712" ind1="0" ind2="2">
    <subfield code="a">&#x41B;&#x435;&#x43D;&#x438;&#x43D;&#x433;&#x440;&#x430;&#x434;&#x441;&#x43A;&#x438;&#x439; &#x444;&#x438;&#x43D;&#x430;&#x43D;&#x441;&#x43E;&#x432;&#x43E;-&#x44D;&#x43A;&#x43E;&#x43D;&#x43E;&#x43C;&#x438;&#x447;&#x435;&#x441;&#x43A;&#x438;&#x439; &#x438;&#x43D;&#x441;&#x442;&#x438;&#x442;&#x443;&#x442; &#x438;&#x43C;. &#x41D;. &#x410;. &#x412;&#x43E;&#x437;&#x43D;&#x435;&#x441;&#x435;&#x43D;&#x441;&#x43A;&#x43E;&#x433;&#x43E;</subfield>
    <subfield code="b">&#x41A;&#x430;&#x444;&#x435;&#x434;&#x440;&#x430; &#x444;&#x438;&#x43D;&#x430;&#x43D;&#x441;&#x43E;&#x432;</subfield>
    <subfield code="3">RU\NLR\AUTH\889939705</subfield>
    <subfield code="9">374268</subfield>
  </datafield>
  <datafield tag="801" ind1=" " ind2="0">
    <subfield code="a">RU</subfield>
    <subfield code="b">NLR</subfield>
    <subfield code="g">psbo</subfield>
  </datafield>
  <datafield tag="801" ind1=" " ind2="1">
    <subfield code="a">RU</subfield>
    <subfield code="b">ELAR</subfield>
    <subfield code="2">rusmarc</subfield>
  </datafield>
  <datafield tag="852" ind1=" " ind2=" ">
    <subfield code="a">NLR</subfield>
    <subfield code="j">72-4/8611</subfield>
  </datafield>
  <datafield tag="942" ind1=" " ind2=" ">
    <subfield code="c">BOOK</subfield>
  </datafield>
</record>
